000 00308nam a2200133Ia 4500
100 _aAidarous/S/ Plevyak T
942 _cBK
654 _atelecommunication
245 _aTelecommunication network Management
260 _bPrentice Hall
_c2000
082 _a4.65
_bAID
300 _a320
546 _aENGLISH
999 _c34152
_d34152